000 00221nam a22001097a 4500
082 _a623.045TAY
100 _aTaylor
245 _aIntroduction marine engineering
260 _aLondon
_c1983
300 _a360
942 _cBK
999 _c15017
_d15017